00600nam a2200193 i 4500001001100000003000500011005001700016008004100033040002500074082001500099100002600114245007300140264007500213300002300288336002100311337002500332338002300357650002600380C2-0114043PPAK20180727104517.0970702s1977 my |||| ||||| | eng d aPPAKbengcPPAKerda04a338.182231 aHo, Nai Kin, eauthor10aExtension strategies in agricultural development : bMADA'S approach 1aAlor Setar, Kedah : bMuda Agricultural Development Authority , c1977 a22 pages ; c27 cm 2rdacontentatext 2rdamediaaunmediated 2rdacarrieravolume10aAgriculture and state